El proceso de la investigación científica
Guardat en:
| Autor principal: | |
|---|---|
| Format: | Llibre |
| Idioma: | espanyol |
| Publicat: |
Ciudad de México
Trillas
1990
|
| Edició: | 4a. ed |
| Matèries: | |
| Etiquetes: |
Afegir etiqueta
Sense etiquetes, Sigues el primer a etiquetar aquest registre!
|
MARC
| LEADER | 00000nam a2200000 a 4500 | ||
|---|---|---|---|
| 001 | UCS9514 | ||
| 003 | CL-VaPUC | ||
| 008 | 971121e19900000MX |||||||||||||||||spa|d | ||
| 082 | 0 | 4 | |a 001.4 |b ROJ |2 21 |
| 100 | 0 | |a Rojas Soriano, Raúl |e author |9 394655 | |
| 245 | 1 | 3 | |a El proceso de la investigación científica |
| 250 | |a 4a. ed | ||
| 300 | |a 151 p | ||
| 942 | |c BK | ||
| 945 | |d 19971121 00:00:00 |a jquezada | ||
| 260 | |a Ciudad de México |b Trillas |c 1990 | ||
| 650 | 0 | |a Investigación científica |9 259857 | |
| 650 | 7 | |a HIPOTESIS |2 CL-VaPUC |9 394656 | |
| 650 | 0 | |a Ideología |9 255854 | |
| 583 | |a last modification |c 19971121 00:00:00 |k Rodrigo Vera | ||
| 999 | |c 263301 |d 263299 | ||
| 952 | |0 0 |1 0 |4 0 |6 001_400000000000000_ROJ_1990 |7 0 |8 A |9 292523 |a BIBENE |b BIBENE |d 2019-11-19 |i 3366545 |o 001.4 ROJ 1990 |p 3366545 |r 2025-01-15 |w 2019-11-19 |y BK |k ICO | ||